| 000 | 00764nam a2200241 a 4500 | ||
|---|---|---|---|
| 005 | 20240924070536.0 | ||
| 008 | 081201s2004 mx r 000 0 spa d | ||
| 020 | _a8449316073 | ||
| 035 | _aUPN01000168278 | ||
| 049 | _aCG | ||
| 050 | 4 |
_aHB74 P6.5 _bF5.2 |
|
| 100 | 1 |
_aFitoussi, Jean-Paul, _d1942- |
|
| 245 | 1 | 3 |
_aLa democracia y el mercado / _cJean-Paul Fitoussi ; tr. de Rafael del Hierro. |
| 260 |
_aBarcelona, Esp. : _bPaidós, _cc2004. |
||
| 300 | _a106 p. | ||
| 440 | 0 |
_aPaidós studio ; _v161 |
|
| 534 |
_pTitulo original: _tLa démocratie et le marché |
||
| 650 | 4 |
_aECONOMIA - _xASPECTOS POLITICOS _912014 |
|
| 650 | 4 |
_aCAPITALISMO - _xASPECTOS POLITICOS _912013 |
|
| 650 | 4 |
_aDemocracia _96020 |
|
| 650 | 4 |
_aGlobalización _95377 |
|
| 905 | _aLibro | ||
| 999 |
_c140385 _d140385 |
||